000 00281nam a2200121Ia 4500
008 191201s1994 xx 000 0 und d
100 _aLYNCH,Peter
245 0 _aBeating the Street
260 _aNew Delhi
_bSimon& Schuster
_c1994
300 _a332
650 _aNCFM
942 _2ddc
_cBK
999 _c749
_d749